000 00651nam a2200277Ia 4500
005 20260324131215.0
008 008 260324s9999 xx 000 0 eng d
020 _a9781315236001
037 _aEBOOK
040 _aCRL
040 _beng
040 _cCRL
041 _2eng
041 _aeng
084 _qCRL
100 _aMiodrag Mitrasinovic
_91184628
245 0 _aTotal Landscape, Theme Parks, Public Space
260 _bTaylor and Francis
260 _c2006
365 _a
365 _b220
856 _uhttp://www.taylorfrancis.com/books/9781315236001
942 _cEBOOK
999 _c1781573
_d1781573